Matematičeskaja teorija optimal'nogo eksperimenta

Saved in:
Bibliographic Details
Main Author: Jermakov, Sergej Michajlovič
Other Authors: Žigljavskij, Anatolij Aleksandrovič
Format: Book
Language:Russian
Published: Moskva Nauka 1987
Edition:1. izd.
Tags: Add Tag
No Tags, Be the first to tag this record!

MARC

LEADER 00000nam a2200000 4500
001 c024692
005 20221219133116.9
041 0 |a rus 
044 |a RU 
245 1 0 |a Matematičeskaja teorija optimal'nogo eksperimenta  |c Sergej Michajlovič Jermakov, Anatolij Aleksandrovič Žigljavskij 
250 |a 1. izd. 
264 1 |a Moskva  |b Nauka  |c 1987 
300 |a 318 s. 
100 1 |a Jermakov, Sergej Michajlovič 
700 1 |a Žigljavskij, Anatolij Aleksandrovič